35 Endangered animals - Statistics

General Stats
  • This quiz has been taken 72 times
    69 since last reset
  • The average score is 24 of 35
Answer Stats
Picture Answer % Correct
Giant panda
98%
Amur tiger
96%
Giraffe
96%
Red panda
94%
Wild camel
94%
Asian elephant
92%
Polar bear
92%
African penguin
90%
Black rhino
90%
Mountain gorilla
90%
Ring tailed lemur
90%
Cheetah
88%
Hammerhead shark
88%
Red wolf
87%
Snow leopard
87%
Monarch butterfly
83%
Orangutan
81%
Whale shark
79%
Green sea turtle
77%
Komodo dragon
77%
Axolotl
69%
Pangolin
67%
African wild dog
62%
Black footed ferret
60%
Okapi
56%
Blue throated macaw
54%
Whooping crane
46%
Gharial
38%
Amur leopard
37%
Kakapo
37%
Addax
17%
Philippine eagle
17%
Coquerels sifaka
13%
Cotton top tamarin
13%
Scimitar oryx
4%
No matching quizzes found
Score Distribution
Percent of People with Each Score
Percentile by Number Answered
Your Score History
You have not taken this quiz since the last reset